00290nam a2200109Ia 4500008004100000041000800041082001400049100002600063245004500089260002200134300002400156240624s9999 xx 000 0 und d aeng a332.1 RBI aRESERVE BANK OF INDIA aREPORT ON CURRENCY AND FINANCE 2005 06 D c2006aMumbaibRBI a322 : p. : cm. ; 30